Renewable energy resources (Record no. 38543)
[ view plain ]
| 000 -LEADER | |
|---|---|
| fixed length control field | 00513nam a2200205Ia 4500 |
| 001 - CONTROL NUMBER | |
| control field | 39233 |
| 008 - FIXED-LENGTH DATA ELEMENTS--GENERAL INFORMATION | |
| fixed length control field | 140423s9999 xx 000 0 und d |
| 020 ## - INTERNATIONAL STANDARD BOOK NUMBER | |
| International Standard Book Number | 9780419253303 |
| 040 ## - CATALOGING SOURCE | |
| Transcribing agency | PK-LaUMT |
| 082 ## - DEWEY DECIMAL CLASSIFICATION NUMBER | |
| Classification number | 621.042 |
| Item number | TWI-R |
| 100 ## - MAIN ENTRY--PERSONAL NAME | |
| Personal name | Twidell, John |
| 245 ## - TITLE STATEMENT | |
| Title | Renewable energy resources |
| Statement of responsibility, etc | Twidell, John<>Weir, Tony |
| 250 ## - EDITION STATEMENT | |
| Edition statement | 2nd |
| 260 ## - PUBLICATION, DISTRIBUTION, ETC. (IMPRINT) | |
| Place of publication, distribution, etc | London,UK: |
| Name of publisher, distributor, etc | Taylor & Francis, |
| Date of publication, distribution, etc | 2007 |
| 300 ## - PHYSICAL DESCRIPTION | |
| Extent | 601 p. |
| 546 ## - LANGUAGE NOTE | |
| Language note | EN |
| 650 ## - SUBJECT ADDED ENTRY--TOPICAL TERM | |
| Topical term or geographic name as entry element | Renewable energy source |
| 700 ## - ADDED ENTRY--PERSONAL NAME | |
| Personal name | Weir, Tony |
| 942 ## - ADDED ENTRY ELEMENTS (KOHA) | |
| Koha item type | Books |
| Withdrawn status | Lost status | Source of classification or shelving scheme | Damaged status | Not for loan | Home library | Current library | Date acquired | Total Checkouts | Full call number | Barcode | Date last seen | Date checked out | Price effective from | Koha item type |
|---|---|---|---|---|---|---|---|---|---|---|---|---|---|---|
| Dewey Decimal Classification | UMT Main Campus | UMT Main Campus | 2014-04-23 | 8 | 621.042 TWI-R | 42379 | 2022-06-27 | 2022-06-14 | 2014-05-05 | Books | ||||
| Dewey Decimal Classification | UMT Main Campus | UMT Main Campus | 2014-06-25 | 2 | 621.042 TWI-R | 56180 | 2017-04-04 | 2017-03-29 | 2014-06-25 | Books | ||||
| Dewey Decimal Classification | UMT Main Campus | UMT Main Campus | 2014-06-25 | 621.042 TWI-R | 990200 | 2014-06-25 | 2014-06-25 | Books |
